Código de Derecho Canónico

Saved in:
Bibliografiske detaljer
Format: Bog
Sprog:spansk
Udgivet: Madrid Biblioteca de Autores Cristianos 1983
Udgivelse:7a. ed
Serier:BAC Minor, 66
Fag:
Tags: Tilføj Tag
Ingen Tags, Vær først til at tagge denne postø!

MARC

LEADER 00000cam a2200000 a 4500
001 UCC0831
003 CL-VaPUC
008 170908e19830000sp |||||||||||||||||spa|d
020 |a 8422011026 
082 0 4 |a 262.9  |b COD  |2 21 
245 1 0 |a Código de Derecho Canónico 
250 |a 7a. ed 
300 |a 795 p 
942 |c BK 
945 |d 20170908 13:53:00  |a dcastane 
260 |a Madrid  |b Biblioteca de Autores Cristianos  |c 1983 
650 7 |a DERECHO CANONICO  |2 CL-VaPUC  |9 594833 
650 0 |a Derecho eclesiástico  |9 255055 
650 0 |a Iglesia Católica  |9 256114 
583 |a last modification  |c 20170925 11:20:25  |k Rodrigo Vera 
490 0 |a BAC Minor, 66 
999 |c 369528  |d 369526 
952 |0 0  |1 0  |3 erd  |4 0  |6 262_900000000000000_COD_1983  |7 0  |8 A  |9 485395  |a BIBTEO  |b BIBTEO  |i 5422515  |o 262.9 COD 1983  |p 5422515  |r 2025-01-17  |w 2019-11-24  |y BK  |z Catalogado en:20170908  |k ICR